[Event "34th Chess Olympiad (women)"]
[Site "Istanbul"]
[Date "2000.11.08"]
[Round "11.39.3"]
[White "Hettige Dona, Chathuri"]
[Black "Sabure, Tuduetso"]
[WhiteElo "2000"]
[BlackElo "2000"]
[WhiteCountry "SRI"]
[BlackCountry "BOT"]
[Result "0-1"]

1. e4 e5 2. Nf3 Nc6 3. Bc4 d6 4. d3 Be7 5. Nc3 Nd4 6. Be3 Bg4 7. h3 Bxf3 
8. gxf3 Bg5 9. Bxd4 exd4 10. Ne2 Qf6 11. Ng3 g6 12. Qe2 Qe5 13. h4 Bf4 
14. Nf1 h5 15. Nd2 c6 16. O-O-O a5 17. a4 Ne7 18. Kb1 b5 19. Bb3 O-O 
20. Rhg1 Rfb8 21. Qe1 Rb7 22. Ka1 Rab8 23. Rb1 Kg7 24. Rh1 d5 25. Nf1 bxa4 
26. Bxa4 Rb4 27. b3 c5 28. Ng3 Nc8 29. exd5 Bxg3 30. fxg3 Qxd5 31. Qe4 Qxe4 
32. fxe4 Nb6 33. Bc6 Rc8 34. Bb7 Rc7 35. Ba6 Ra7 36. Bc4 a4 37. bxa4 Rbxa4+ 
38. Kb2 Nxc4+ 39. dxc4 Rxc4 40. Rhd1 Rc3 41. Rd3 Raa3 42. Rbd1 Kf6 
43. Rxc3 Rxc3 44. Rd3 Rc4 45. Rf3+ Ke6 46. e5 Kxe5 47. Rxf7 Rc3 48. Re7+ Kd6 
49. Re4 Rxg3 50. Re1 c4 51. Rh1 Kd5 52. Kc1 c3 53. Kd1 Rg2 54. Rh3 Ke4 
55. Rh1 Kf4 56. Rh3 Rg3 57. Rh1 Rg2 58. Rh3 Rd2+ 59. Kc1 g5 60. hxg5 Kxg5 
61. Rh1 h4 62. Rg1+ Kf4 63. Rh1 Kg3 64. Rg1+ Kh2 65. Rg4 h3 66. Kb1 Kh1 
67. Rg3 Kh2 68. Rg4 d3 69. cxd3 Rxd3 70. Kc2 Rg3 71. Re4 Kg2 72. Re2+ Kf1 
73. Rh2 Rg2+ 74. Rxg2 hxg2 75. Kxc3 g1=Q 
0-1

[Event "34th Chess Olympiad (women)"]
[Site "Istanbul"]
[Date "2000.11.08"]
[Round "11.40.1"]
[White "Villegas, Meylin"]
[Black "Al-Gurshi, Buthaina"]
[WhiteElo "2000"]
[BlackElo "2000"]
[WhiteCountry "CRC"]
[BlackCountry "YEM"]
[Result "1-0"]

1. d4 d5 2. c4 Nf6 3. Nc3 e6 4. Bg5 Bb4 5. e3 h6 6. Bxf6 Qxf6 7. Nf3 Qd8 
8. Rc1 O-O 9. Bd3 Nc6 10. O-O Re8 11. a3 Bf8 12. cxd5 exd5 13. Qb3 Be6 
14. Qxb7 Qd7 15. Bb5 Na5 16. Bxd7 Nxb7 17. Bxe8 Rxe8 18. Nb5 Bf5 19. Nxc7 Rd8 
20. Rfe1 Na5 21. Nxd5 Rxd5 22. e4 Nb3 23. Rc3 Bxe4 24. Rxe4 Na5 25. Re8 f6 
26. Rcc8 Kf7 27. Rxf8+ Ke6 28. Rc5 Rxc5 29. dxc5 Ke7 30. Ra8 Nc6 31. b4 Kd7 
32. b5 Kc7 33. bxc6 Kxc6 34. Rxa7 g5 35. a4 Kxc5 36. Rb7 Kc6 37. Rb3 
1-0

[Event "34th Chess Olympiad (women)"]
[Site "Istanbul"]
[Date "2000.11.08"]
[Round "11.40.2"]
[White "Abdulsalam, Rawidah"]
[Black "Murioz, Carolina"]
[WhiteElo "2000"]
[BlackElo "2000"]
[WhiteCountry "YEM"]
[BlackCountry "CRC"]
[Result "0-1"]

1. e4 c5 2. Nf3 Nc6 3. d4 cxd4 4. Nxd4 Nf6 5. Nc3 e6 6. Nxc6 bxc6 7. Bg5 Bb4 
8. e5 Qa5 9. exf6 Qxg5 10. fxg7 Qxg7 11. Qd2 d5 12. a3 Be7 13. f4 O-O 
14. Bd3 Kh8 15. Rf1 Rg8 16. Rf2 Rb8 17. O-O-O e5 18. fxe5 Bg5 19. Rf3 Bxd2+ 
20. Rxd2 Be6 21. Rdf2 Qxe5 22. g4 Rxg4 23. Rxf7 Bxf7 24. Rxf7 Rg1+ 25. Kd2 Qe1# 
0-1

[Event "34th Chess Olympiad (women)"]
[Site "Istanbul"]
[Date "2000.11.08"]
[Round "11.40.3"]
[White "Vega, Carla"]
[Black "Abdulsalam, Nadhmeia"]
[WhiteElo "2000"]
[BlackElo "2000"]
[WhiteCountry "CRC"]
[BlackCountry "YEM"]
[Result "1-0"]

1. e4 e5 2. Nf3 Nc6 3. Bc4 Be7 4. O-O d6 5. h3 Na5 6. Bb5+ Bd7 7. Bxd7+ Qxd7 
8. c3 Nf6 9. Re1 O-O 10. d4 Rad8 11. Nbd2 Nc6 12. d5 Nb8 13. Nb3 c6 14. c4 b6 
15. Bd2 h6 16. Rc1 Nh7 17. Qc2 f5 18. Rcd1 fxe4 19. Qxe4 Qf5 20. Qxf5 Rxf5 
21. Nbd4 Rf7 22. dxc6 Rc8 23. Nc2 Rxc6 24. b3 b5 25. Nb4 Rb6 26. Nd5 Ra6 
27. Nxe7+ Rxe7 28. cxb5 Rxa2 29. Bb4 Rb7 30. Rxd6 Rxb5 31. Rd8+ Kf7 
32. Nxe5+ Kf6 33. Rxb8 Rxe5 34. Bc3 Kf7 35. Bxe5 a6 36. Rb7+ Ke6 37. Bxg7+ Kd6 
38. Be5+ Kc6 39. Rxh7 
1-0

[Event "34th Chess Olympiad (women)"]
[Site "Istanbul"]
[Date "2000.11.08"]
[Round "11.41.1"]
[White "Babic, Gail"]
[Black "Monterroso Ochoa, Karla"]
[WhiteElo "2000"]
[BlackElo "2000"]
[WhiteCountry "ISV"]
[BlackCountry "GUA"]
[Result "0-1"]

1. e4 e5 2. Nf3 Nc6 3. Bb5 Bc5 4. O-O Qf6 5. c3 Nge7 6. d3 h6 7. Qe2 O-O 
8. Nbd2 d6 9. Nb3 Bb6 10. Be3 Ng6 11. d4 Nf4 12. Qd2 g5 13. Bxf4 gxf4 
14. Qe2 Kh7 15. g3 Rg8 16. Kh1 Bg4 17. Qd3 Ne7 18. Nfd2 Ng6 19. Nc4 h5 
20. dxe5 dxe5 21. Nxb6 axb6 22. Kg2 Rad8 23. Qc2 Bf3+ 24. Kxf3 fxg3+ 
25. Kxg3 Nh4+ 
0-1

[Event "34th Chess Olympiad (women)"]
[Site "Istanbul"]
[Date "2000.11.08"]
[Round "11.41.2"]
[White "Castillo Melendez, Dina"]
[Black "Mody, Ila"]
[WhiteElo "2071"]
[BlackElo "2000"]
[WhiteCountry "GUA"]
[BlackCountry "ISV"]
[Result "1-0"]

1. e4 e6 2. d4 d5 3. exd5 exd5 4. Nf3 Nf6 5. c4 c6 6. cxd5 cxd5 7. Bd3 Bd6 
8. O-O O-O 9. h3 h6 10. Nc3 a6 11. Qb3 Be6 12. Qxb7 Nbd7 13. Qb3 Qc7 
14. Be3 Rfb8 15. Qc2 Rb6 16. Rfc1 Rc6 17. Qe2 Qb7 18. Nh4 Nf8 19. Rab1 Rb6 
20. Nf5 Bb4 21. Qf3 Rd8 22. Nxh6+ Kh8 23. Nf5 N6h7 24. Na4 Rc6 25. a3 g6 
26. axb4 gxf5 27. Rxc6 Qxc6 28. Nc5 Bc8 29. Bxf5 Bxf5 30. Qxf5 f6 31. Qd3 Ra8 
32. Ra1 Ne6 33. Rxa6 Rxa6 34. Qxa6 Qe8 35. Nxe6 Qg6 36. Qc8+ 
1-0

[Event "34th Chess Olympiad (women)"]
[Site "Istanbul"]
[Date "2000.11.08"]
[Round "11.42.1"]
[White "Mak, Sharon"]
[Black "Mendes, Alves"]
[WhiteElo "2000"]
[BlackElo "2000"]
[WhiteCountry "MAC"]
[BlackCountry "ANG"]
[Result "0-1"]

1. e4 e5 2. Nf3 Nc6 3. c3 Nf6 4. d3 h6 5. Nbd2 Bc5 6. Nc4 d5 7. exd5 Qxd5 
8. Be3 O-O 9. Be2 Bxe3 10. fxe3 b5 11. e4 Qc5 12. b4 Qe7 13. Nb2 Ng4 
14. Qd2 Bb7 15. h3 Nf6 16. O-O Rad8 17. Qe3 a6 18. Bd1 Qd6 19. Bc2 Ne7 
20. Rad1 Ng6 21. d4 exd4 22. Nxd4 Qe5 23. Rf5 Qe7 24. Re1 Rde8 25. Nd1 Bxe4 
26. Bxe4 Nxe4 27. Nc6 Qe6 28. Nd4 Qxa2 29. Qd3 Nd6 30. Rxe8 Rxe8 31. g3 Nxf5 
0-1

[Event "34th Chess Olympiad (women)"]
[Site "Istanbul"]
[Date "2000.11.08"]
[Round "11.42.2"]
[White "Afonso, Vieira"]
[Black "Choi, Kuan"]
[WhiteElo "2000"]
[BlackElo "2000"]
[WhiteCountry "ANG"]
[BlackCountry "MAC"]
[Result "1-0"]

1. d4 Nf6 2. c4 d5 3. Nc3 e6 4. Bg5 Be7 5. Nf3 Nbd7 6. e3 O-O 7. Bd3 c5 
8. O-O Re8 9. Re1 a6 10. Qc2 h6 11. Bh4 Qc7 12. Bg3 Bd6 13. Bxd6 Qxd6 
14. cxd5 exd5 15. dxc5 Nxc5 16. Be2 g6 17. Rad1 Bf5 18. Qd2 Nce4 19. Nxe4 Bxe4 
20. Qd4 Rad8 21. Nd2 Re5 22. Nc4 Qe6 23. Nxe5 Qf5 24. Bf3 Re8 25. Bxe4 Nxe4 
26. Nf3 Re5 
1-0

[Event "34th Chess Olympiad (women)"]
[Site "Istanbul"]
[Date "2000.11.08"]
[Round "11.42.3"]
[White "Lee, Wing"]
[Black "Zangata, Fatima"]
[WhiteElo "2000"]
[BlackElo "2000"]
[WhiteCountry "MAC"]
[BlackCountry "ANG"]
[Result "1-0"]

1. e4 e5 2. Nf3 Nc6 3. Bc4 Bc5 4. d3 Nf6 5. Bg5 h6 6. Bh4 d6 7. Nc3 g5 
8. Bg3 Bd7 9. Qe2 Qe7 10. Na4 O-O-O 11. Nxc5 dxc5 12. O-O-O Na5 13. Nxe5 Be6 
14. Bxe6+ Qxe6 15. Kb1 h5 16. h3 Ne8 17. Nc4 Nc6 18. Qe3 Qd7 19. f4 f6 
20. h4 g4 21. e5 f5 22. Bf2 b6 23. Rd2 Qf7 24. Rhd1 Ng7 25. c3 Ne6 26. Na3 Kb7 
27. d4 cxd4 28. cxd4 Ncxd4 29. Rxd4 Rxd4 30. Rxd4 Nxd4 31. Qxd4 Qe7 32. e6 
1-0

[Event "34th Chess Olympiad (women)"]
[Site "Istanbul"]
[Date "2000.11.08"]
[Round "11.43.1"]
[White "Tamin, Upi"]
[Black "Zsiltzova-Lisenko, Lubov"]
[WhiteElo "2240"]
[BlackElo "2273"]
[WhiteCountry "INA"]
[BlackCountry "IBSA"]
[Result "1/2-1/2"]

1. e4 c5 2. Nf3 d6 3. d4 cxd4 4. Nxd4 Nf6 5. Nc3 a6 6. a4 e5 7. Nb3 Be6 
8. Bg5 Be7 9. Be2 h6 10. Bxf6 Bxf6 11. O-O O-O 12. Nd5 Bxd5 13. Qxd5 Nc6 
14. Rad1 Be7 15. c3 Qc7 16. Nd2 Rad8 17. Nc4 Bg5 18. a5 Ne7 19. Qd3 d5 
20. Nb6 d4 21. cxd4 Rxd4 22. Qc3 Qxc3 23. bxc3 Rd2 24. Bc4 Nc6 25. Bd5 Rxd1 
26. Rxd1 Nxa5 27. Nd7 Re8 28. Rb1 Bd2 29. Nc5 Bxc3 30. Nxb7 Rb8 31. Bxf7+ Kf8 
32. Bd5 Bd4 33. Kf1 Nxb7 34. Rxb7 Rxb7 35. Bxb7 a5 36. Ke2 Ke7 37. g3 Kd6 
38. f4 Kc5 39. Kf3 a4 40. Kg4 Bg1 41. h4 Kd4 42. h5 Bf2 43. Kf3 Be1 44. Kg4 Bf2 
45. Kf3 Bg1 46. Kg4 Be3 47. Kf5 exf4 48. gxf4 Kc5 49. Bd5 Kd6 50. Ba2 a3 
51. Kg6 Bxf4 52. Kxg7 
1/2-1/2

[Event "34th Chess Olympiad (women)"]
[Site "Istanbul"]
[Date "2000.11.08"]
[Round "11.43.2"]
[White "Debowska, Teresa"]
[Black "Zakiah, Al"]
[WhiteElo "2094"]
[BlackElo "2000"]
[WhiteCountry "IBSA"]
[BlackCountry "INA"]
[Result "1/2-1/2"]

1. e4 c5 2. Nc3 Nc6 3. g3 g6 4. Bg2 Bg7 5. d3 b6 6. Be3 Bb7 7. Qd2 e6 
8. Nge2 Nge7 9. Bh6 O-O 10. h4 f6 11. Bxg7 Kxg7 12. h5 g5 13. h6+ Kh8 
14. f4 Ng6 15. O-O-O d5 16. fxg5 d4 17. Na4 fxg5 18. Rdf1 Qe7 19. b3 Nce5 
20. c3 dxc3 21. Nexc3 Rad8 22. Rxf8+ Nxf8 23. Nb2 Ba6 24. Kc2 Nxd3 
25. Nxd3 Bxd3+ 26. Kb2 Bxe4 27. Qe2 Bxg2 28. Qxg2 Ng6 29. Qe2 Rf8 30. Ne4 Rf5 
31. Rd1 Rd5 32. Rf1 Rf5 33. Rd1 Rd5 34. Rf1 Ne5 35. Qh5 g4 36. Qg5 Qd8 
37. Qf6+ Qxf6 38. Rxf6 Kg8 39. Rxe6 Nd3+ 40. Kc3 Kf7 41. Rf6+ Ke7 42. Rf1 Ne5 
43. Rf5 Ke6 44. Rg5 Nf7 45. Rg7 Nxh6 46. Rxh7 Nf5 47. Rxa7 Rd4 48. Nf2 Nxg3 
49. Rg7 Ne4+ 50. Nxe4 Rxe4 51. Kd3 Rd4+ 52. Ke3 b5 53. Rg5 Kd6 54. Rg6+ Kc7 
55. a3 b4 56. a4 Rd1 57. Rxg4 Rb1 58. Ke4 Rxb3 59. Rg7+ Kb6 60. Kd5 Ka5 
61. Rg6 Kxa4 62. Ra6+ Kb5 63. Rh6 Rc3 64. Rh1 Ka4 65. Rh6 b3 66. Ra6+ Kb4 
67. Rh6 Rc1 68. Kc6 Kc3 69. Rh3+ Kc2 70. Rh2+ Kc3 71. Rh3+ Kd2 72. Rh2+ Ke3 
73. Rh3+ Kf4 74. Rxb3 Re1 
1/2-1/2

[Event "34th Chess Olympiad (women)"]
[Site "Istanbul"]
[Date "2000.11.08"]
[Round "11.43.3"]
[White "Riayaningrum, Yeni"]
[Black "Sanchez, Esmeralda"]
[WhiteElo "2000"]
[BlackElo "2000"]
[WhiteCountry "INA"]
[BlackCountry "IBSA"]
[Result "0-1"]

1. e4 c5 2. Nf3 e6 3. d4 cxd4 4. Nxd4 a6 5. Bd3 d5 6. O-O dxe4 7. Bxe4 Nf6 
8. Bf3 Bd6 9. c3 Qc7 10. h3 O-O 11. Bg5 Nbd7 12. Nd2 h6 13. Bxf6 Nxf6 
14. Ne4 Bd7 15. Qe2 Rab8 16. Rad1 b5 17. Nb3 Be7 18. Rfe1 b4 19. cxb4 Bxb4 
20. Rc1 Qa7 21. Red1 a5 22. a3 Be7 23. Nxa5 Rxb2 24. Nc4 Rbb8 25. Ne5 Bb5 
26.  Qxa3 27. Rc3 Qa4 28. Nc6 Qxa7 29. Nxa7 Rbe8 30. Kf1 Rd8+ 31. Ke2 Rc8+ 
32. Rcd7 Rc7+ 33. Nd3 
0-1